[Event "Portsmouth op"]
[Site "Portsmouth"]
[Date "2005.02.20"]
[Round "5"]
[White "Mansson, James C"]
[Black "Purkiss, William"]
[Result "1/2-1/2"]
[WhiteElo "2093"]
[BlackElo "2084"]
[PlyCount "73"]
[EventDate "2005.02.18"]
[EventType "swiss"]
[EventRounds "6"]
[EventCountry "ENG"]
[SourceTitle "EXT 2006"]
[Source "ChessBase"]
[SourceDate "2005.11.24"]
[SourceVersion "1"]
[SourceVersionDate "2005.11.24"]
[SourceQuality "1"]

1. d4 d5 2. c4 e6 3. Nc3 c5 4. e3 Nf6 5. Nf3 Nc6 6. Bd3 cxd4 7. exd4 Bd6 8. Bg5 0-0 9. 0-0 Nb4 10. Be2 dxc4 11. Bxc4 a6 12. a3 b5 13. Bb3 Nbd5 14. Nxd5 exd5 15. Bxd5 Bxh2+ 16. Nxh2 Qxd5 17. Bxf6 gxf6 18. Qf3 Bb7 19. Qxd5 Bxd5 20. Ng4 Kg7 21. Ne3 Rad8 22. Rac1 Rfe8 23. Rfd1 Kg6 24. Rc5 Be4 25. d5 Rd6 26. Rdc1 Red8 27. Rc6 Rxc6 28. Rxc6 a5 29. Rb6 Bd3 30. d6 a4 31. Nd5 Kg7 32. Nc7 Kg6 33. Na6 Bc4 34. Nc5 Kf5 35. Nb7 Rd7 36. Nc5 Rd8 37. Nb7 1/2-1/2

[Event "Portsmouth op"]
[Site "Portsmouth"]
[Date "2004.02.22"]
[Round "5"]
[White "Purkiss, William"]
[Black "Sugden, John N"]
[Result "0-1"]
[WhiteElo "2084"]
[BlackElo "2180"]
[PlyCount "70"]
[EventDate "2004.02.20"]
[EventType "swiss"]
[EventRounds "6"]
[EventCountry "ENG"]
[SourceTitle "EXT 2005"]
[Source "ChessBase"]
[SourceDate "2004.11.15"]
[SourceVersion "1"]
[SourceVersionDate "2004.11.15"]
[SourceQuality "1"]

1. e4 c5 2. Nf3 e6 3. d4 cxd4 4. Nxd4 a6 5. Bd3 b5 6. e5 Bb7 7. 0-0 Ne7 8. a4 b4 9. Nd2 Nec6 10. N4f3 d6 11. exd6 Bxd6 12. Ne4 Be7 13. Bg5 h6 14. Bxe7 Qxe7 15. Re1 Nd7 16. Qe2 Nf6 17. Rad1 Nxe4 18. Qxe4 Rc8 19. h4 Nb8 20. Qg4 0-0 21. Ne5 Bd5 22. Re3 a5 23. h5 Nc6 24. Ng6 fxg6 25. Qxg6 Qf6 26. Qh7+ Kf7 27. Bg6+ Ke7 28. Rxd5 Rh8 29. Rxe6+ Kxe6 30. Bf7+ Kxf7 31. Qe4 Rhe8 32. Qc4 Qe6 33. f4 Kg8 34. f5 Qe1+ 35. Kh2 Kh8 0-1

[Event "Portsmouth op"]
[Site "Portsmouth"]
[Date "2004.02.21"]
[Round "3"]
[White "Purkiss, William"]
[Black "Chahine, Abdallah"]
[Result "1/2-1/2"]
[WhiteElo "2084"]
[BlackElo "2077"]
[PlyCount "28"]
[EventDate "2004.02.20"]
[EventType "swiss"]
[EventRounds "6"]
[EventCountry "ENG"]
[SourceTitle "EXT 2005"]
[Source "ChessBase"]
[SourceDate "2004.11.15"]
[SourceVersion "1"]
[SourceVersionDate "2004.11.15"]
[SourceQuality "1"]

1. e4 c5 2. Nf3 Nc6 3. d4 cxd4 4. Nxd4 g6 5. c4 d6 6. Nc3 Nf6 7. Be2 Nxd4 8. Qxd4 Bg7 9. Be3 0-0 10. Qd2 a6 11. 0-0 Be6 12. Rac1 Qa5 13. f3 Rfc8 14. b3 b5 1/2-1/2

[Event "Portsmouth op"]
[Site "Portsmouth"]
[Date "2004.02.21"]
[Round "2"]
[White "Radovanovic, Jovica"]
[Black "Purkiss, William"]
[Result "1-0"]
[WhiteElo "2217"]
[BlackElo "2084"]
[PlyCount "81"]
[EventDate "2004.02.20"]
[EventType "swiss"]
[EventRounds "6"]
[EventCountry "ENG"]
[SourceTitle "EXT 2005"]
[Source "ChessBase"]
[SourceDate "2004.11.15"]
[SourceVersion "1"]
[SourceVersionDate "2004.11.15"]
[SourceQuality "1"]

1. e4 e5 2. Nf3 Nc6 3. Bb5 Nf6 4. 0-0 Nxe4 5. d4 Be7 6. Qe2 d5 7. Nxe5 Bd7 8. Bxc6 Bxc6 9. Re1 Bd7 10. Nc3 Nxc3 11. Qf3 Be6 12. Qxc3 0-0 13. Bf4 Bd6 14. Nd3 b6 15. Qc6 Rc8 16. Re2 Qf6 17. Be5 Bxe5 18. Rxe5 Rfd8 19. Rae1 h6 20. b4 Kh7 21. g3 g5 22. f4 Rd6 23. Qc3 Bh3 24. f5 h5 25. R1e3 Re6 26. Rf3 Rce8 27. Rf2 R6e7 28. Qd2 Rg8 29. Qe3 Rd7 30. c3 Bg4 31. Rf1 h4 32. Nf2 Bh5 33. g4 Qh6 34. gxh5 Qxh5 35. h3 g4 36. Nxg4 f6 37. Re7+ Rxe7 38. Qxe7+ Rg7 39. Qe3 Rxg4+ 40. hxg4 Qxg4+ 41. Kh2 1-0

[Event "Portsmouth op"]
[Site "Portsmouth"]
[Date "2001.??.??"]
[Round "6"]
[White "Purkiss, William"]
[Black "Flower, David"]
[Result "0-1"]
[WhiteElo "2084"]
[BlackElo "2082"]
[PlyCount "80"]
[EventDate "2001.03.??"]
[EventType "swiss"]
[EventRounds "6"]
[EventCountry "ENG"]
[SourceTitle "CBM 081 Extra"]
[Source "ChessBase"]
[SourceDate "2001.05.06"]
[SourceVersion "1"]
[SourceVersionDate "2001.05.06"]
[SourceQuality "1"]

1. e4 g6 2. d4 Bg7 3. Nc3 d6 4. Be3 a6 5. Qd2 b5 6. Bd3 Bb7 7. Nf3 Nd7 8. 0-0 c5 9. Rfe1 Rc8 10. Rad1 e6 11. dxc5 Nxc5 12. Bd4 Nf6 13. e5 Ng4 14. exd6 Bxd4 15. Nxd4 Qxd6 16. Nf3 Nxd3 17. Qxd3 Qxd3 18. Rxd3 b4 19. Ne4 Bxe4 20. Rxe4 Rxc2 21. Rd2 Rc1+ 22. Re1 Rxe1+ 23. Nxe1 a5 24. Rd6 Ke7 25. Ra6 Rd8 26. h3 Nf6 27. Rxa5 Rd2 28. Ra7+ Kf8 29. b3 Ne4 30. f3 Nc3 31. a3 Ra2 32. a4 Rb2 33. Nd3 Rxb3 34. Ne5 Ra3 35. a5 f6 36. Rf7+ Kg8 37. Rxf6 Rxa5 38. Rxe6 b3 39. Ng4 b2 40. Nf6+ Kf7 0-1

[Event "Hastings Challengers 9596"]
[Site "Hastings"]
[Date "1996.??.??"]
[Round "8"]
[White "Kurr, Gerd"]
[Black "Purkiss, William"]
[Result "1-0"]
[WhiteElo "2125"]
[BlackElo "2125"]
[PlyCount "45"]
[EventDate "1995.12.??"]
[EventType "swiss"]
[EventRounds "11"]
[EventCountry "ENG"]
[SourceTitle "EXT 1999"]
[Source "ChessBase"]
[SourceDate "1998.11.16"]
[SourceVersion "1"]
[SourceVersionDate "1998.11.16"]
[SourceQuality "1"]

1. Nf3 d5 2. d4 c5 3. c3 Nc6 4. e3 Nf6 5. dxc5 e6 6. b4 a5 7. Bb5 Bd7 8. 0-0 axb4 9. Bxc6 Bxc6 10. cxb4 b6 11. Nc3 bxc5 12. b5 Ne4 13. Nxe4 dxe4 14. bxc6 exf3 15. Qxf3 Qc7 16. Rb1 Be7 17. Rb7 Qc8 18. Bb2 f6 19. Rd1 Kf7 20. Qh5+ g6 21. Qh4 e5 22. Qc4+ Kf8 23. Rdd7 1-0

[Event "Hastings Challengers 9596"]
[Site "Hastings"]
[Date "1995.??.??"]
[Round "4"]
[White "Purkiss, William"]
[Black "Straeter, Timo"]
[Result "0-1"]
[WhiteElo "2125"]
[BlackElo "2310"]
[PlyCount "50"]
[EventDate "1995.12.??"]
[EventType "swiss"]
[EventRounds "11"]
[EventCountry "ENG"]
[SourceTitle "CBM 050 Extra"]
[Source "ChessBase"]
[SourceDate "1996.03.01"]
[SourceVersion "1"]
[SourceVersionDate "1996.03.01"]
[SourceQuality "1"]

1. e4 e6 2. d4 d5 3. Nc3 Nf6 4. Bg5 Be7 5. e5 Nfd7 6. Bxe7 Qxe7 7. f4 0-0 8. Qh5 c5 9. Nf3 f6 10. Bd3 g6 11. Qh6 Nc6 12. 0-0 cxd4 13. Nb5 fxe5 14. Bxg6 Rf6 15. Nh4 hxg6 16. fxe5 Ndxe5 17. Rxf6 Qxf6 18. Rf1 Qg7 19. Qg5 Bd7 20. Nd6 Rf8 21. Rxf8+ Qxf8 22. Nxb7 Qb4 23. h3 Kg7 24. Nd8 Qe1+ 25. Kh2 Qe3 0-1

[Event "Lloyds Bank op 18th"]
[Site "London"]
[Date "1994.??.??"]
[Round "3"]
[White "Bates, Richard"]
[Black "Purkiss, William"]
[Result "1-0"]
[WhiteElo "2285"]
[BlackElo "2160"]
[PlyCount "59"]
[EventDate "1994.08.??"]
[EventType "swiss"]
[EventRounds "10"]
[EventCountry "ENG"]
[SourceTitle "EXT 2000"]
[Source "ChessBase"]
[SourceDate "1999.11.16"]
[SourceVersion "1"]
[SourceVersionDate "1999.11.16"]
[SourceQuality "1"]

1. d4 d5 2. c4 e6 3. Nc3 c5 4. cxd5 exd5 5. Nf3 Nc6 6. g3 Nf6 7. Bg2 Be7 8. 0-0 0-0 9. dxc5 Bxc5 10. Bg5 d4 11. Bxf6 Qxf6 12. Nd5 Qd8 13. Nd2 Re8 14. Re1 Bg4 15. Rc1 Bd6 16. Nb3 Be5 17. Nc5 Rb8 18. Qd2 Be6 19. Nxe6 Rxe6 20. Red1 a5 21. Bf3 g5 22. Qd3 h5 23. Qf5 Rh6 24. Rd3 Bg7 25. Be4 a4 26. Rc5 Kf8 27. Ra3 b5 28. Kg2 Qd6 29. Rf3 Ne5 30. Rc8+ 1-0